Comarcas de Madrid en un Mapa - Estadísticas

Estadísticas generales
  • Esta prueba ha sido intentada 47 veces
    38 desde el último reinicio
  • La puntuación promedio es 5 de 9
Respuestas en el mapa
Las respuestas están codificadas por una escala verde-roja en el mapa de la prueba según el % correcto abajo.
 
Estadísticas de respuestas
Respuesta % Correcto
Cuenca del Henares
82%
Comarca Sur
79%
Cuenca del Guadarrama
75%
Cuenca del Medio Jarama
61%
Sierra Norte
57%
Área Metropolitana
43%
Sierra Oeste
39%
Las Vegas
36%
Cuenca Alta del Manzanares
25%
No se encontraron pruebas coincidentes
Distribución de puntuación
Porcentaje de gente con cada puntuación
Porcentaje por número respondido
Historial de tus puntuaciones
No has intentado esta prueba desde el último reinicio